| 000 | 00754nam a22002177a 4500 | ||
|---|---|---|---|
| 999 |
_c41883 _d41883 |
||
| 005 | 20230614102753.0 | ||
| 010 | _aENG-100256 ENG-137132 | ||
| 020 | _c185.00 | ||
| 035 | _aEN-83788 EN-120664 | ||
| 037 | _bDBAD/PUB | ||
| 082 | _a347.4206 | ||
| 100 | _aJhabvala, Noshirvan H. | ||
| 245 |
_aThe Indian evidence act (act 1 of 1872) : _bas amended by the information technology act 2000 & the criminal law (amendent) act, 2005 / _cby Noshirvan H. Jhabvala |
||
| 250 | _a25th rev. ed. | ||
| 260 |
_aMumbai _bEductional & Law Publishers _c2008 |
||
| 270 |
_a146-C, Shamaldas Gandhi Marg _bMumbai _e400002 |
||
| 300 |
_a232p. _c24cm (pbk) |
||
| 650 | _aEvidence Law | ||
| 650 | _aCriminal Procedure | ||
| 942 |
_2ddc _cEN _h347.4206 _mJHA |
||